LEADER 01152nam a2200289 i 4500 001 991000931119707536 005 20020502181232.0 008 990831s1996 it ||| | eng 035 $ab11438770-39ule_inst 035 $aPRUMB51693$9ExL 040 $aDip. SSSC$bita 041 0 $aengita 082 0 $a809.896 100 1 $aGorlier, Claudio$0144770 245 10$aAspetti culturali e linguistici delle letterature africane in lingue europee /$ca cura di Ersilia La Pergola, Claudio Gorlier, Sergio Zoppi 260 $aCatania :$bC.U.E.C.M.,$c[1996] 300 $a158 p. ;$c21 cm. 500 $aParte delle relazioni presentate al Convegno tenuto a Catania nel 1992 650 4$aLetteratura$xAutori africani$ySec. 20. 700 1 $aZoppi, Sergio 700 1 $aLa Pergola, Ersilia 907 $a.b11438770$b21-09-06$c01-07-02 912 $a991000931119707536 945 $aLE021 DI8D89$g1$i2021000036040$lle021$o-$pE0.00$q-$rl$s- $t0$u0$v0$w0$x0$y.i11623640$z01-07-02 996 $aAspetti culturali e linguistici delle letterature africane in lingue europee$9819704 997 $aUNISALENTO 998 $ale021$b01-01-99$cm$da $e-$feng$git $h0$i1 LEADER 03239nam 22005653 450 001 9911020273503321 005 20240805084510.0 010 $a9781394312467 010 $a1394312466 010 $a9781394312450 010 $a1394312458 010 $a9781394312443 010 $a139431244X 035 $a(MiAaPQ)EBC31579547 035 $a(Au-PeEL)EBL31579547 035 $a(CKB)33623736800041 035 $a(Exl-AI)31579547 035 $a(Perlego)4512843 035 $a(OCoLC)1450879359 035 $a(EXLCZ)9933623736800041 100 $a20240805d2024 uy 0 101 0 $aeng 135 $aurcnu|||||||| 181 $ctxt$2rdacontent 182 $cc$2rdamedia 183 $acr$2rdacarrier 200 10$aTransposable Elements and Genome Evolution 205 $a1st ed. 210 1$aNewark :$cJohn Wiley & Sons, Incorporated,$d2024. 210 4$d©2024. 215 $a1 online resource (305 pages) 225 1 $aISTE Consignment Series 311 08$a9781789451788 311 08$a1789451787 327 $aCover -- Dedication Page -- Title Page -- Copyright Page -- Contents -- Acknowledgments -- Introduction -- Chapter 1. Transposable Elements in Eukaryotes -- 1.1. Introduction -- 1.2. Classification, structure and transposition mechanism -- 1.2.1. Class I -- 1.2.2. Class II -- 1.2.3. Autonomous, non-autonomous and relics -- 1.3. Abundance, diversity and distribution -- 1.4. Origins of transposable elements and evolutionary relationships with other genetic elements -- 1.5. Genomic impact -- 1.5.1. Genome size -- 1.5.2. Genome structure -- 1.5.3. Genome function and evolution -- 1.6. References -- Chapter 2. Prokaryotic Transposable Elements -- 2.1. Introduction -- 2.1.1. Historical -- 2.1.2. Relationship between IS and transposons -- 2.1.3. The prokaryotic TE landscape -- 2.2. Transposases: the enzymes driving transposition -- 2.2.1. DDE enzymes -- 2.2.2. HUH enzymes -- 2.3. Insertion sequences -- 2.3.1. Overview$7Generated by AI. 330 $aThis book, 'Transposable Elements and Genome Evolution,' coordinated by Aurélie Hua-Van and Pierre Capy, explores the role of transposable elements (TEs) in the evolution of genomes across various organisms. It examines both eukaryotic and prokaryotic TEs, detailing their structures, mechanisms, and evolutionary impacts. The book also discusses the implications of TE movements in human diseases, including cancers and metabolic disorders, and their effects on gene expression and chromosomal rearrangements. Aimed at researchers and students in genetics, genomics, and evolutionary biology, it provides a comprehensive overview of the diversity and significance of TEs in genomic evolution.$7Generated by AI. 410 0$aISTE Consignment Series 606 $aTransposons$7Generated by AI 606 $aGenomes$7Generated by AI 615 0$aTransposons 615 0$aGenomes 700 $aHua-Van$b Aurélie$01841609 701 $aCapy$b Pierre$01308881 801 0$bMiAaPQ 801 1$bMiAaPQ 801 2$bMiAaPQ 906 $aBOOK 912 $a9911020273503321 996 $aTransposable Elements and Genome Evolution$94421409 997 $aUNINA